000 00386 a2200169 4500
001 70189
020 _a8532252230
040 _cAnchieta - Itaigara
100 _aMunduruku, Daniel
240 1 0 _aUm estranho sonho de futuro
_lpor
245 1 0 _aUm estranho sonho de futuro
300 _a108
362 0 _a2004
440 1 _aFTD
650 4 _aLiteratura infanto-juvenil
942 _cBK
999 _c70189
_d70189